000 00899 a2200241 4500
005 20081106120229.0
008 081106t xxu||||| |||| 00| 0 ur d
010 _aUR-7326
020 _a8190420003
_c101.00
035 _aU-5881
037 _bD.B.Act / Pub
082 _a842
100 _aکليم عر فی
245 _aسا ت بيٹيوں کا باپ
_b(ٹی۔ وی -ڈرامہ)
_cکليم عر فی
246 _aSaat Betiyoo ka Baap
_bby Kaleem Urfi
260 _aالہ آبا د
_bمکتبہ جا ويد
_c2006
270 _a3/4،اٹا لا کالونی،شو کت علی روڈ،
_bالہ آباد
_e211003
300 _a112p
_c22 cm (Pbk.)
650 _aڈرامہ
650 _aDrama
942 _adpl
_cUR
_2ddc
_h842
_mک ل ی
999 _c3222
_d3222